Statistics for Weird and wonderful people: photo quiz

Click here to take the quiz!

General Stats

  • This quiz has been taken 16 times
  • The average score is 8 of 16

Answer Stats

Answer% Correct
Netherlands
100%
Russia
100%
Austria
86%
Israel
86%
Bhutan
79%
Canada
79%
Jordan
57%
Papua New Guinea
43%
Eswatini
36%
Thailand
36%
Tajikistan
29%
Cyprus
21%
Guatemala
21%
Peru
21%
South Sudan
21%
Tunisia
21%

Score Distribution

Percentile by Number Answered

Percent of People with Each Score

Your Score History

You have not taken this quiz